Catch! Teenieping Characters - Statistics

General Stats
  • This quiz has been taken 829 times
  • The average score is 37 of 97
Answer Stats
Answer % Correct
Princess Heart
81%
Dadaping
72%
Lalaping
71%
Chachaping
70%
Gogoping
70%
Heartsping
68%
Romi
65%
Maya
61%
Happying
60%
Egoping
59%
Trustping
59%
Giggleping
58%
Joahping
57%
Lena
56%
Marylou
56%
Teeheeping
56%
Kikiping
53%
Onlyping
51%
Jennie
50%
Princess Cloudia
49%
Princess Melody
49%
Charmping
48%
Princess Star
48%
Sarah
48%
Jun
47%
Princess Clover
47%
Shyping
46%
Ian
44%
Princess Sunshine
44%
Cindy
43%
Tickleping
43%
Kyle
42%
Owwping
42%
Yummyping
39%
Blankping
38%
Dareping
38%
Ellie
37%
Moseyping
37%
Princess Ruby
36%
Coolping
35%
Dreamping
35%
Princess Emerald
35%
Raymond
35%
Balletping
34%
Dylan
34%
Hani
34%
Narrping
34%
Princess Sapphire
34%
Wishping
34%
Wonderping
34%
Cozyping
33%
Noraping
33%
Noriping
33%
Princess Veronica
33%
Zipping
33%
Artping
32%
Freezeping
32%
Roarping
32%
Sleeping
32%
Tidyping
32%
Timidping
32%
Allmineping
31%
Ladyping
31%
Patping
31%
Princess Diaheart
31%
Aloneping
30%
Heart King
30%
Memoping
30%
Mimicping
30%
Sculptping
30%
Tutuping
30%
Weeping
30%
Floraping
29%
Goodping
29%
Heavyping
29%
Luvping
29%
Spookping
29%
Tweetping
29%
Bebeping
28%
Buddyping
28%
Dua
28%
Nonoping
28%
Shushping
28%
Sparkping
28%
Eden
27%
Toyping
26%
Dr. Monziu
25%
Nile
25%
Stickping
25%
Giftping
24%
Curieping
23%
Oppoping
23%
Sighping
23%
Wannabeping
22%
Queen Belita
19%
Queen Stella
15%
Gamyeonping
11%
No matching quizzes found
Score Distribution
Percent of People with Each Score
Percentile by Number Answered
Your Score History
You have not taken this quiz